00712nam a2200205 i 4500001000300000100002200003245006000025260003300085490006900118650001300187830006000200040000800260041000800268080001800276942000700294008004100301999001700342856009800359952004900457bg1 aRACKE, Kenneth D. 0aEnvironmental fate of Chlorpyrifos /cKenneth D. Racke. aNew York :bSpringer,c1993.1 aReviews of environmental contamination and toxicology ;vVol.131 9aEkologia aReviews of environmental contamination and toxicology ; cBPK apol a574:615.9:504 cKS s pl f |000 0 pol  c29828d29828 uhttp://koha.tu.koszalin.pl/cgi-bin/koha/opac-detail.pl?biblionumber=29828yKatalog online BPK 00104070aBPKbBPKcwo36225p01214499yKS